[Event "Cannes op"]
[Site "Cannes"]
[Date "1990.??.??"]
[Round "2"]
[White "Blees, Albert"]
[Black "Baudot, Denis"]
[Result "1-0"]
[WhiteElo "2400"]
[BlackElo "2235"]

1.d4 g6 2.e4 Bg7 3.Nc3 c5 4.d5 d6 5.Nf3 Nf6 6.Be2 O-O 7.O-O a6 8.a4 b6 9.Bf4 Nh5
10.Bg5 h6 11.Be3 Kh7 12.Nd2 Nf6 13.Nc4 Ne8 14.f4 f5 15.exf5 gxf5 16.Bd3 e5
17.fxe5 dxe5 18.Qh5 Nd6 19.Nxd6 Qxd6 20.Bxf5+ Bxf5 21.Rxf5 Nd7 22.Raf1 Rxf5
23.Qxf5+ Kh8 24.Qe6 Qxe6 25.dxe6 Nf8 26.e7 Ng6 27.Nd5 Re8 28.a5 Nxe7 29.Nxe7 Rxe7
30.axb6 c4 31.Ra1 Kh7 32.Rxa6 Rb7 33.Ra7 Rb8 34.Rc7  1-0

[Event "ESP-chT"]
[Site "?"]
[Date "1990.??.??"]
[Round "?"]
[White "Ruiz, Agustin"]
[Black "Palacios de la Prida, Ernesto"]
[Result "0-1"]
[WhiteElo "2240"]
[BlackElo "2285"]

1.e4 g6 2.d4 Bg7 3.Nc3 d5 4.exd5 Nf6 5.Bb5+ Nbd7 6.Nf3 O-O 7.O-O Nb6 8.Re1 Nbxd5
9.Nxd5 Nxd5 10.Bg5 h6 11.Bh4 c6 12.Bf1 Bg4 13.c4 Nf6 14.Re3 g5 15.Bg3 Nh5
16.d5 Nxg3 17.hxg3 cxd5 18.cxd5 Rc8 19.Qb3 Rc7 20.Ne5 Bf5 21.Bd3 Bxd3 22.Qxd3 Rc5
23.Rd1 Qc7 24.b4 Rc1 25.Rxc1 Qxc1+ 26.Kh2 Qb2 27.Qf5 Qxb4 28.Nd7 Rd8 29.Rb3 Qa4
30.Rxb7 Qxa2 31.d6 Qe6 32.dxe7 Qxe7 33.Nc5 Qf6 34.Qxf6 Bxf6 35.Ne4 Bd4 36.g4 Kg7
37.g3 a5 38.Rb5 Ra8 39.Rd5 Bb6 40.Rd6 Bc7 41.Rd7 Be5 42.Re7 Bf6 43.Nxf6 Kxf6
44.Re2 a4 45.f4 a3 46.Ra2 Ke6 47.Kg2 Kd5 48.Kf3 Kc4 49.Ke4 Kb3 50.Ra1 Kb2
51.Rh1 a2 52.Kf5 a1=Q 53.Rxa1  0-1

[Event "Forli op"]
[Site "Forli"]
[Date "1990.??.??"]
[Round "6"]
[White "Werner, Dimo"]
[Black "Fries Nielsen, Jens Ove"]
[Result "1/2-1/2"]
[WhiteElo "2350"]
[BlackElo "2400"]

1.e4 g6 2.d4 Bg7 3.Nc3 Nc6 4.Be3 d6 5.d5 Nb8 6.Qd2 c6 7.Nf3 Nf6 8.dxc6 Nxc6
9.Bc4 O-O 10.h3 a6 11.a4 Bd7 12.O-O Rc8 13.Rfd1 Na5 14.Ba2 Qc7 15.Bh6 Rfd8
16.Bxg7 Kxg7 17.Qe3 Nc4 18.Bxc4 Qxc4 19.Rd4 Qc7 20.Rad1 Be8  1/2-1/2

[Event "Gausdal Int"]
[Site "Gausdal"]
[Date "1990.??.??"]
[Round "5"]
[White "Hill, Shane Malcolm"]
[Black "Bern, Ivar"]
[Result "0-1"]
[WhiteElo "2265"]
[BlackElo "2335"]

1.e4 g6 2.d4 Bg7 3.Nc3 a6 4.f4 b5 5.Be2 d6 6.Bf3 Nd7 7.e5 Rb8 8.Nh3 b4 9.Ne4 Nb6
10.Nhf2 f5 11.exf6 Nxf6 12.O-O O-O 13.c4 bxc3 14.Qb3+ Kh8 15.bxc3 Bd7 16.a3 Nbd5
17.Qa2 Nxe4 18.Qxd5 Nxc3 19.Qc4 Na4 20.Rd1 c5 21.dxc5 Bb5  0-1

[Event "Helsinki Club-ch"]
[Site "Helsinki"]
[Date "1990.??.??"]
[Round "6"]
[White "Alava, Mikko"]
[Black "Norri, Joose"]
[Result "0-1"]
[WhiteElo "2335"]
[BlackElo "2360"]

1.e4 g6 2.d4 Bg7 3.Nc3 Nc6 4.Nf3 d5 5.exd5 Nb4 6.Bb5+ Kf8 7.a3 Nxd5 8.Bc4 Ngf6
9.O-O h5 10.Bg5 Nxc3 11.bxc3 Ne4 12.Re1 Nxg5 13.Nxg5 e6 14.h4 Bf6 15.f4 Qd6
16.Qd3 Kg7 17.Ne4 Qd8 18.g3 Re8 19.Nxf6 Qxf6 20.Qe4 Rb8 21.Qe5 Bd7 22.Bd3 Qxe5
23.Rxe5 Bc6 24.c4 b6 25.Rae1 Red8 26.c3 Bb7 27.c5 Bd5 28.c4 Ba8 29.d5 bxc5
30.Bb1 Rb3 31.Kf2 exd5 32.f5 dxc4 33.Be4 Rd2+ 34.Kf1 Bxe4 35.R5xe4 Rf3+ 36.Kg1 Rxg3+
37.Kf1 Rf3+ 38.Kg1 c3 39.fxg6 Rg3+ 40.Kf1 Rxg6 41.Rc4 Rgg2  0-1

[Event "Karl-Marx-Stadt"]
[Site "Karl-Marx-Stadt"]
[Date "1990.??.??"]
[Round "?"]
[White "Womacka, Mathias"]
[Black "Lorenz, Gerd"]
[Result "1-0"]
[WhiteElo "2405"]
[BlackElo "2275"]

1.e4 g6 2.d4 Bg7 3.Nc3 d5 4.exd5 Nf6 5.Bc4 Nbd7 6.Nf3 O-O 7.O-O Nb6 8.Bb3 Nbxd5
9.Nxd5 Nxd5 10.Re1 c6 11.c3 Bf5 12.Bg5 Be6 13.Bh4 Nc7 14.Bxe6 Nxe6 15.Qb3 Qc7
16.Re4 Rad8 17.Rxe6 fxe6 18.Ng5 Qf4 19.Nxe6 Qxh4 20.Nxd8+  1-0

[Event "Katowice op"]
[Site "Katowice"]
[Date "1990.??.??"]
[Round "5"]
[White "Kasperek, Ryszard"]
[Black "Galdunts, Sergey"]
[Result "0-1"]
[WhiteElo "2250"]
[BlackElo "2460"]

1.e4 g6 2.d4 Bg7 3.Nc3 a6 4.a4 c5 5.d5 d6 6.Nf3 Nf6 7.Nd2 b6 8.Be2 Bb7 9.O-O O-O
10.f4 e6 11.dxe6 fxe6 12.Bf3 d5 13.e5 Ne8 14.Nde4 Qe7 15.Ng5 Nc7 16.g4 Nc6
17.Bg2 b5 18.axb5 axb5 19.Rxa8 Bxa8 20.f5 Nxe5 21.Nxe6 Nxe6 22.Nxd5 Qh4 23.fxe6 Nxg4
24.Rxf8+ Bxf8 25.e7 Qf2+ 26.Kh1 Bxe7 27.Nxe7+ Kg7 28.Qg1 Qe2 29.Bxa8 Nf2+
30.Kg2 Ne4+ 31.Kh1 Qf3+ 32.Qg2 Nf2+ 33.Kg1 Nh3+ 34.Qxh3 Qxh3 35.Bg2 Qh4  0-1

[Event "Balkaniad"]
[Site "Kavala"]
[Date "1990.??.??"]
[Round "2"]
[White "Micic, Jordanka"]
[Black "Foisor, Cristina Adela B"]
[Result "0-1"]
[WhiteElo "2210"]
[BlackElo "2295"]

1.e4 g6 2.d4 Bg7 3.Nc3 c5 4.Nf3 cxd4 5.Nxd4 Nc6 6.Be3 Nf6 7.Bc4 O-O 8.Bb3 Ng4
9.Qxg4 Nxd4 10.Qd1 Nc6 11.Qd2 d6 12.Bh6 Qa5 13.Bxg7 Kxg7 14.O-O-O Be6 15.h4 Bxb3
16.cxb3 h6 17.Kb1 Rac8 18.Qe2 Qa6 19.Qd2 Qa5 20.f4 h5 21.g4 Rh8 22.Qg2 hxg4
23.Rd5 Qa6 24.Qxg4 Nb4 25.Rd2 Rc5 26.a3 Nc6 27.b4 Rxc3 28.bxc3 Qxa3 29.Qf3 Nxb4
30.Rb2 Nc6 31.Qe3 b6 32.e5 dxe5 33.f5 Qc5 34.Qg3 Qc4 35.Qf3 e4 36.Qg3 Rh5
37.fxg6 fxg6 38.Rg1 Qd3+ 39.Qxd3 exd3 40.Rbg2 Ne5 41.Rg5 Rxg5 42.Rxg5 Kf6
43.Kc1 b5 44.Rg3 Kf5 45.Kd2 Kf4 46.Rh3 Ke4 47.Re3+ Kd5 48.Rh3 a5 49.h5 gxh5
50.Rxh5 b4 51.cxb4 axb4 52.Rh7 e6 53.Rb7 Kc4 54.Re7 Kd4 55.Rxe6 Nc4+ 56.Kc1 Kc3
57.Rc6 b3 58.Rc8  0-1

[Event "Lloyds Bank op"]
[Site "London"]
[Date "1990.??.??"]
[Round "?"]
[White "Emms, John M"]
[Black "Mortazavi, Ali"]
[Result "1-0"]
[WhiteElo "2400"]
[BlackElo "2275"]

1.e4 g6 2.d4 Bg7 3.Nc3 Nc6 4.Nf3 d6 5.Be3 Nf6 6.d5 Nb8 7.Qd2 c5 8.h3 O-O
9.Bc4 Na6 10.O-O Nc7 11.a4 a6 12.Rfe1 Rb8 13.e5 Nfe8 14.a5 dxe5 15.Bxc5 Nd6
16.Bb3 f6 17.Ne4 f5 18.Nxd6 exd6 19.Bb6 Qe7 20.Nxe5 Bxe5 21.f4 Na8 22.Ba7  1-0

[Event "Lyngby op"]
[Site "Lyngby"]
[Date "1990.??.??"]
[Round "1"]
[White "Sandler, Leonid"]
[Black "Fries Nielsen, Jens Ove"]
[Result "1/2-1/2"]
[WhiteElo "2325"]
[BlackElo "2400"]

1.e4 g6 2.d4 Bg7 3.Nc3 Nc6 4.Be3 d5 5.exd5 Nb4 6.Bb5+ Bd7 7.Bxd7+ Qxd7 8.a3 Nxd5
9.Nxd5 Qxd5 10.Nf3 Nf6 11.h3 O-O 12.O-O b5 13.Bf4 c5 14.dxc5 Qxc5 15.Be5 a5  1/2-1/2

[Event "Novi Sad ol (Men)"]
[Site "Novi Sad"]
[Date "1990.??.??"]
[Round "6"]
[White "Van der Wiel, John TH"]
[Black "Sznapik, Aleksander"]
[Result "1/2-1/2"]
[WhiteElo "2555"]
[BlackElo "2455"]

1.e4 g6 2.d4 Bg7 3.Nc3 d5 4.exd5 Nf6 5.Bc4 Nbd7 6.Nf3 Nb6 7.Bb3 a5 8.a3 a4
9.Ba2 Nbxd5 10.Nxd5 Nxd5 11.O-O O-O 12.h3 c6 13.Re1 b5 14.Bg5 Be6 15.Bxd5 Qxd5
16.Bxe7 Rfe8 17.Bh4  1/2-1/2

[Event "Novi Sad ol (Men)"]
[Site "Novi Sad"]
[Date "1990.??.??"]
[Round "11"]
[White "Geenen, Marc"]
[Black "Tapaszto, Laszlo"]
[Result "1-0"]
[WhiteElo "2345"]
[BlackElo "2265"]

1.e4 g6 2.d4 Bg7 3.Nc3 c5 4.Nf3 Qa5 5.Be2 Nc6 6.Be3 Nf6 7.O-O Ng4 8.Bd2 cxd4
9.Nxd4 Nxd4 10.Bxg4 d6 11.Bxc8 Rxc8 12.Nd5 Qc5 13.Bg5 Nc6 14.Qg4 Rb8 15.c3 h6
16.Be3 Qa5 17.a4 e6 18.Nf4 O-O 19.Qe2 Rbd8 20.Rfd1 Rd7 21.Qb5 a6 22.Qb6 Rc8
23.Ne2 Qh5 24.Nf4 Qa5 25.Ne2 Qxb6 26.Bxb6 Ne5 27.b3 Nc6 28.Ra2 g5 29.Rad2 Be5
30.f3 Ne7 31.c4 Rc6 32.Bd4 Ng6 33.g3 Kf8 34.Kf2 Ke7 35.Ke3 Rcc7 36.f4 Bxd4+
37.Nxd4 Rc8 38.Nf3 g4 39.Nd4 Rcd8 40.Ne2 h5 41.Nc3  1-0

[Event "URS-chT"]
[Site "Podolsk"]
[Date "1990.??.??"]
[Round "?"]
[White "Zezulkin, Jurij"]
[Black "Agrest, Evgenij"]
[Result "0-1"]
[WhiteElo "2360"]
[BlackElo "2415"]

1.e4 g6 2.d4 Bg7 3.Nc3 a6 4.h4 h5 5.Nf3 b5 6.Bd3 d6 7.Bg5 Bg4 8.e5 dxe5 9.dxe5 Bxe5
10.Qe2 Nd7 11.Be4 Rb8 12.O-O-O Ngf6 13.Bc6 Bxc3 14.bxc3 O-O 15.Rhe1 Qc8 16.Bxd7 Nxd7
17.Bxe7 Re8 18.Qd2 Kg7 19.Qd4+ f6 20.Re3 Rb6 21.Rde1 c5 22.Qf4 Bxf3 23.Rxf3 Qb8
24.Qxb8 Rbxb8 25.Rfe3 Kf7 26.f4 c4 27.Re6 Rb6 28.R6e3 Rc6 29.Kb2 Nb6 30.Bc5 Rxe3
31.Bxe3 Na4+ 32.Ka3 Nxc3 33.Kb4 Nd5+ 34.Ka5 f5 35.Bd2 c3 36.Bc1 b4 37.Re5 Rd6
38.a3 bxa3 39.Bxa3 Rd8 40.Kxa6 Nxf4 41.g3 Nd5 42.Kb5 Nf6 43.Bb4 Ne4 44.Kc6 Rd4
45.Re7+ Kf6 46.Ba3 Ra4 47.Bd6 Ra6+  0-1

[Event "Pula op"]
[Site "Pula"]
[Date "1990.??.??"]
[Round "8"]
[White "Muse, Mladen"]
[Black "Pinchuk, Sergey T"]
[Result "1-0"]
[WhiteElo "2425"]
[BlackElo "2370"]

1.d4 g6 2.e4 Bg7 3.Nc3 c5 4.d5 d6 5.Be2 Nf6 6.Nf3 O-O 7.O-O Na6 8.Bf4 Nc7
9.a4 b6 10.h3 Bb7 11.Bc4 Re8 12.Re1 e5 13.dxe6 Nxe6 14.Bh2 Nd4 15.Ng5 d5
16.exd5 Rxe1+ 17.Qxe1 h6 18.Nxf7 Kxf7 19.d6+ Kf8 20.Nb5 Nxb5 21.axb5 Ne4
22.c3 Nxd6 23.Ba2 Nf7 24.Rd1 Qg5 25.f3 Rd8 26.Rxd8+ Qxd8 27.Qe6 Qe7 28.Bd6  1-0

[Event "Wch Girls U20"]
[Site "Santiago"]
[Date "1990.??.??"]
[Round "?"]
[White "Sofieva, Ainur"]
[Black "Kunze, Kerstin"]
[Result "0-1"]
[WhiteElo "2370"]
[BlackElo "2205"]

1.e4 g6 2.d4 Bg7 3.Nc3 d5 4.exd5 Nf6 5.Bb5+ Nbd7 6.Qf3 O-O 7.Bg5 Nb6 8.Bxf6 exf6
9.Nge2 a6 10.Bd3 Qd6 11.O-O f5 12.b3 Rd8 13.Bc4 Bd7 14.Rad1 Qb4 15.Qd3 Rac8
16.Nb1 Qa5 17.a3 Bb5 18.Bxb5 axb5 19.Nbc3 Nxd5 20.Qxb5 Qxb5 21.Nxb5 c6 22.Nbc3 Nxc3
23.Nxc3 Bxd4 24.Ne2 Bb2 25.a4 Kg7 26.c3 Re8 27.Rd2 Ba3 28.Ra1 Bc5 29.Kf1 Re4
30.Rd7 Rce8 31.Ra2 g5 32.b4 Ba7 33.Rxb7 Bb8 34.g3 f4 35.Nd4 Re1+ 36.Kg2 g4
37.gxf4 h5 38.Nf5+ Kg6 39.Ng3 h4  0-1

[Event "Wch U20"]
[Site "Santiago"]
[Date "1990.??.??"]
[Round "12"]
[White "Pupo, Emilio"]
[Black "Comas Fabrego, Luis"]
[Result "1-0"]
[WhiteElo "2325"]
[BlackElo "2350"]

1.e4 g6 2.d4 Bg7 3.Nc3 c5 4.Nf3 cxd4 5.Nxd4 Nc6 6.Be3 Nf6 7.Bc4 O-O 8.Bb3 d6
9.h3 a6 10.O-O Na5 11.f4 Nxb3 12.axb3 b5 13.b4 Bb7 14.Qd3 Qc7 15.Nb3 Rac8
16.Bd4 e6 17.Rfd1 Rfe8 18.Qe3 Qe7 19.Rd3 Rc4 20.Rad1 Ba8 21.Bxf6 Bxf6 22.Rxd6 Bxc3
23.bxc3 Rxe4 24.Qf2 Qf6 25.R1d4 Rxd4 26.Qxd4 Qh4 27.Qe3 Qe7 28.Rd4 Rc8 29.Nc5 Bc6
30.Qe5 a5 31.bxa5 f6 32.Qxe6+ Qxe6 33.Nxe6 Be8 34.Rd8 Rxc3 35.a6  1-0

[Event "Xanthi"]
[Site "Xanthi"]
[Date "1990.??.??"]
[Round "10"]
[White "Radulov, Ivan"]
[Black "Delithanasis, Dimitrios"]
[Result "1/2-1/2"]
[WhiteElo "2425"]
[BlackElo "2215"]

1.e4 g6 2.d4 Bg7 3.Nc3 a6 4.f4 b5 5.Nf3 e6 6.Bd3 d6 7.Be3 Ne7 8.Qd2 Nd7 9.a4 b4
10.Ne2 c5 11.c3 a5 12.dxc5 Nxc5 13.Bb5+ Bd7 14.Qxd6 Nxe4 15.Qd3 Bxb5 16.Qxb5+ Qd7
17.Qxd7+ Kxd7 18.Rd1+ Kc7 19.Bd4 Rhd8 20.cxb4 Bxd4 21.Nexd4 axb4 22.Ne5 Rxa4
23.Nxf7 Rxd4 24.Rxd4 Ra1+ 25.Ke2 Rxh1 26.Rxe4 Nd5 27.Ng5 Rb1 28.Nxe6+ Kd6
29.Nd4 Rxb2+ 30.Kd3 Rxg2 31.f5 gxf5 32.Nxf5+ Kc5 33.Re5 Rg6 34.Ne3 Rd6 35.Ke4 b3
36.Rxd5+ Rxd5 37.Nxd5 b2 38.Nc3 Kc4 39.Nb1 Kc5 40.h4 h5 41.Nd2 Kb5 42.Kd5 Kb4
43.Kd4 Ka3 44.Kc3 Ka2 45.Kc2 Ka1 46.Nb1 Ka2 47.Nc3+ Ka1  1/2-1/2

[Event "Aarhus-B"]
[Site "Aarhus"]
[Date "1991.??.??"]
[Round "?"]
[White "Hoiberg, Nina"]
[Black "Nielsen, Jorgen G"]
[Result "1/2-1/2"]
[WhiteElo "2295"]
[BlackElo "2260"]

1.e4 g6 2.d4 Bg7 3.Nc3 Nc6 4.Be3 d6 5.Qd2 e5 6.Bb5 exd4 7.Bxd4 Nf6 8.Nd5 O-O
9.Bxf6 Bxf6 10.Nxf6+ Qxf6 11.O-O-O Re8 12.f3 Be6 13.Kb1 a6 14.Bxc6 bxc6 15.Ne2 Rab8
16.Qc3 Kg7 17.Nd4 Bd7 18.g4 c5 19.g5 Qe5 20.Ne2 Bb5 21.f4 Qxc3 22.Nxc3 Bc6
23.Rhe1 Rb4 24.Kc1 a5 25.a3 Rc4 26.Re2 Rd4 27.Rde1 f6 28.h4 Rf8 29.Rf2 Rf7
30.Re3 Kf8 31.f5 gxf5 32.exf5 Rxh4 33.g6 Rg7 34.Re6 Re7 35.Rxf6+ Kg7 36.Rxd6 cxd6
37.f6+ Kf8 38.fxe7+ Kxe7 39.Rf7+ Ke6 40.Rxh7 Rg4 41.Ra7 Rxg6 42.Rxa5 Rg1+
43.Kd2 Rg2+ 44.Kd3 Be8 45.Ne2 Ke5 46.b4 Bh5 47.Nc1 Bg6+ 48.Ke3 Rxc2 49.Nd3+ Bxd3  1/2-1/2

[Event "Aarhus op"]
[Site "Aarhus"]
[Date "1991.??.??"]
[Round "2"]
[White "Sorensen, Jan"]
[Black "Light, Bjarne"]
[Result "1/2-1/2"]
[WhiteElo "2415"]
[BlackElo "2290"]

1.e4 g6 2.d4 Bg7 3.Nc3 Nc6 4.Be3 d5 5.exd5 Nb4 6.Bb5+ Bd7 7.Bc4 Bf5 8.Bb3 Nf6
9.Qd2 Nbxd5 10.Nxd5 Nxd5 11.Bh6 Bxh6 12.Qxh6 Qd6 13.O-O-O O-O-O 14.Ne2 Nf6
15.Qf4 Be6 16.Rhe1 Bxb3 17.axb3 Rd7 18.Qxd6 exd6 19.Ng3  1/2-1/2

[Event "AUT-ch qual"]
[Site "?"]
[Date "1991.??.??"]
[Round "8"]
[White "Wittmann, Walter"]
[Black "Fahrner, Kurt"]
[Result "1-0"]
[WhiteElo "2360"]
[BlackElo "2290"]

1.e4 g6 2.d4 Bg7 3.Nc3 c5 4.Nf3 cxd4 5.Nxd4 d6 6.Be3 Nf6 7.f3 O-O 8.Qd2 Nc6
9.O-O-O d5 10.exd5 Nxd5 11.Nxc6 bxc6 12.Bd4 Nxc3 13.Qxc3 Bxd4 14.Rxd4 Qb6
15.h4 e5 16.Rd6 Be6 17.h5 Rae8 18.hxg6 hxg6 19.Rxc6 Qf2 20.Qxe5 f6 21.Qe2 Qg3
22.Rxe6 Qg5+ 23.Kb1 Rb8 24.Qc4  1-0

[Event "Beersheba-B"]
[Site "Beersheba"]
[Date "1991.??.??"]
[Round "?"]
[White "Gofshtein, Leonid D"]
[Black "Vydeslaver, Alik"]
[Result "1-0"]
[WhiteElo "2440"]
[BlackElo "2200"]

1.e4 g6 2.d4 Bg7 3.Nc3 d5 4.exd5 Nf6 5.Bb5+ Nbd7 6.Nf3 O-O 7.h3 Nb6 8.O-O Nbxd5
9.Nxd5 Nxd5 10.c3 Qd6 11.Bc4 b6 12.Re1 Bb7 13.Bg5 e6 14.Bh4 c5 15.Bg3 Qe7
16.Qb3 Rac8 17.Bxd5  1-0

[Event "Beersheba-B"]
[Site "Beersheba"]
[Date "1991.??.??"]
[Round "?"]
[White "Lederman, Leon"]
[Black "Vydeslaver, Alik"]
[Result "1/2-1/2"]
[WhiteElo "2335"]
[BlackElo "2200"]

1.e4 g6 2.d4 Bg7 3.Nc3 d5 4.exd5 Nf6 5.Bb5+ Nbd7 6.Nf3 O-O 7.O-O Nb6 8.Re1 Nbxd5
9.Nxd5 Nxd5 10.h3 Qd6 11.c3 c5 12.dxc5 Qxc5 13.Ba4 Nb6 14.Bb3 Qc7 15.Qe2 Bf6
16.Bh6 Rd8 17.Ng5 e6 18.Ne4 Be7 19.Qf3 Nd7 20.Bg5 Bxg5 21.Nxg5 Nf8 22.Qf6 Re8
23.Rad1 Qe7 24.Ne4 Nd7 25.Qf3 Kg7 26.Nd6 Rd8 27.Nxb7 Ne5 28.Qe2 Nf3+ 29.Qxf3 Bxb7
30.Qe3 a5 31.Rd4 Rxd4 32.Qxd4+ Kg8 33.Rd1 a4 34.Bc2 Qg5 35.Be4 Qb5 36.c4 Qb4
37.c5 Qxd4 38.Rxd4 Bxe4 39.Rxe4 Kf8 40.Rb4 Rc8 41.Rb5 Ke7 42.b4 axb3 43.axb3 e5
44.b4 Ke6 45.Kf1 Kd5 46.Ke2 Ra8 47.Rb6 Ra2+ 48.Kd3 e4+ 49.Ke3 f5 50.Rd6+ Ke5
51.f4+ exf3 52.Kxf3 Ra3+ 53.Ke2 Rb3 54.Rb6 Rb2+  1/2-1/2

[Event "Belgrade-C"]
[Site "Belgrade"]
[Date "1991.??.??"]
[Round "6"]
[White "Ciric, Dragoljub M"]
[Black "Raicevic, Momcilo"]
[Result "1/2-1/2"]
[WhiteElo "2380"]
[BlackElo "2375"]

1.e4 g6 2.d4 Bg7 3.Nc3 Nc6 4.d5 Nd4 5.Be3 c5 6.Na4 d6 7.c3 b5 8.Bxd4 cxd4
9.Bxb5+ Kf8 10.Ne2 dxc3 11.Naxc3 Rb8 12.O-O a6 13.Bc4 Nf6 14.Rb1 Nd7 15.Nd4 Ne5
16.Be2 Qb6 17.Kh1 h5 18.Na4 Qb7 19.b4 Bd7 20.b5 axb5 21.Bxb5 Ng4 22.Nc3 Qc7
23.Bxd7 Rxb1 24.Qxb1 Bxd4 25.Nb5 Qb6 26.Bxg4 hxg4 27.Nxd4 Qxd4 28.Qa1 Qg7
29.Qxg7+ Kxg7 30.a4 Ra8 31.Ra1 Ra5 32.h3 gxh3  1/2-1/2

[Event "Bellinge"]
[Site "Bellinge"]
[Date "1991.??.??"]
[Round "6"]
[White "Hector, Jonny"]
[Black "Nielsen, Jorgen G"]
[Result "1-0"]
[WhiteElo "2465"]
[BlackElo "2260"]

1.e4 g6 2.d4 Bg7 3.Nc3 Nc6 4.Be3 d5 5.exd5 Nb4 6.Bb5+ Bd7 7.Bc4 Bf5 8.Rc1 Nf6
9.Qd2 O-O 10.Nge2 Nbxd5 11.Nxd5 Nxd5 12.Bh6 Bxh6 13.Qxh6 Qd6 14.O-O Rad8
15.Rfe1 Nf6 16.Bb3 Be6 17.c4 c6 18.Rc3 Bg4 19.c5 Qd7 20.Nf4 Bf5 21.h3 Qxd4
22.Rxe7 Ne4 23.Re3 Qxc5 24.R3xe4 Bxe4 25.Ne6 Qe5 26.Nxf8 Qxe7 27.Qxh7+ Kxf8
28.Qh8+  1-0

[Event "Biel op (Women)"]
[Site "Biel"]
[Date "1991.??.??"]
[Round "3"]
[White "Markovic, Gordana"]
[Black "Foisor, Cristina Adela B"]
[Result "1/2-1/2"]
[WhiteElo "2275"]
[BlackElo "2305"]

1.e4 g6 2.d4 Bg7 3.Nc3 c5 4.dxc5 Qa5 5.Bd2 Qxc5 6.g3 d6 7.Bg2 Nf6 8.Nge2 Nc6
9.O-O Qb6 10.h3 O-O 11.Rb1 Bd7 12.Be3 Qc7 13.Nf4 Rfc8 14.Ncd5 Nxd5 15.Nxd5 Qd8
16.c4 Be6 17.b3 Bxd5 18.Qxd5 Bc3 19.Qd3 Bg7 20.Rbd1 Qa5 21.Qe2 Qa3 22.f4 a5
23.Bc1 Qc5+ 24.Kh2 a4 25.Be3 Qa3 26.Bc1 Qb4 27.Bd2 Qa3 28.Bc1 Qb4 29.Bd2  1/2-1/2

[Event "POL-chB"]
[Site "Bielsko-Biala"]
[Date "1991.??.??"]
[Round "8"]
[White "Czerwonski, Aleksander"]
[Black "Bojczuk, Zygmunt"]
[Result "1-0"]
[WhiteElo "2370"]
[BlackElo "2295"]

1.d4 g6 2.e4 Bg7 3.Nc3 c5 4.d5 d6 5.Nf3 Nf6 6.Be2 O-O 7.O-O Na6 8.Bf4 Nc7
9.a4 b6 10.Nd2 Nd7 11.Nc4 Ba6 12.Qd2 Bxc4 13.Bxc4 a6 14.Bh6 Rb8 15.Bxg7 Kxg7
16.b3 b5 17.Be2 Nf6 18.Qe3 Qc8 19.f4 b4 20.Nb1 e6 21.dxe6 Nxe6 22.Nd2 Nd4
23.Bd3 Qc6 24.Nf3 Nxf3+ 25.Qxf3 Kg8 26.e5 Qxf3 27.Rxf3 dxe5 28.fxe5 Nd7 29.Bxa6 Nxe5
30.Re3 f6 31.a5 Rfd8 32.Bf1 Ra8 33.a6 Rd6 34.Ra5 c4 35.Re4 Rdxa6 36.Rxa6 Rxa6
37.Rxe5  1-0

[Event "Zeus (Women)"]
[Site "Budapest"]
[Date "1991.??.??"]
[Round "1"]
[White "Csoke, Adrienn"]
[Black "Kunze, Kerstin"]
[Result "1-0"]
[WhiteElo "2170"]
[BlackElo "2160"]

1.e4 g6 2.d4 Bg7 3.Nc3 d5 4.exd5 Nf6 5.Nf3 O-O 6.Bc4 Nbd7 7.O-O Nb6 8.Bb3 a5
9.a3 Nbxd5 10.Nxd5 Nxd5 11.Ne5 c6 12.Qf3 Bf5 13.g4 Be6 14.Re1 Nc7 15.Bxe6 Nxe6
16.c3 Qd5 17.Qxd5 cxd5 18.f4 Nc7 19.Nd7 Rfe8 20.f5 Rad8 21.Nc5 b6 22.Nd3 Nb5
23.Bf4 Nd6 24.fxg6 hxg6 25.Bxd6 Rxd6 26.g5 e6 27.Re2 Bf8 28.Rf1 Bg7 29.h4 Rd7
30.Rfe1 Rde7 31.h5 gxh5 32.Nf4 Rd7 33.Nxh5 Bh8 34.Nf6+ Bxf6 35.gxf6 Kh7 36.Rg2 Rg8
37.Rxg8 Kxg8 38.Re5 Kh7 39.Rg5 Kh6 40.Rg8 Rb7 41.Kf2 b5 42.Ke3 b4 43.cxb4 axb4
44.Kf4 bxa3 45.bxa3 Ra7 46.Rg3 Ra4 47.Ke5 Ra6 48.Rg7 Ra7 49.a4 Kh5 50.a5 Kh6
51.Kd6 Kh5 52.Kc6 Rxa5 53.Kd7 Ra6 54.Ke8 Kh6 55.Kxf7 Ra4 56.Rg6+ Kh5 57.Kg7  1-0

[Event "Cansys IM-B"]
[Site "Budapest"]
[Date "1991.??.??"]
[Round "6"]
[White "Piroska, Istvan"]
[Black "Urban, Julian"]
[Result "0-1"]
[WhiteElo "2255"]
[BlackElo "2330"]

1.e4 g6 2.d4 Bg7 3.Nc3 c5 4.Be3 Qa5 5.Nf3 Nf6 6.Qd2 cxd4 7.Nxd4 Nc6 8.f3 O-O
9.O-O-O Nxd4 10.Bxd4 d6 11.Kb1 e5 12.Be3 Be6 13.h4 Rfd8 14.Bg5 Rac8 15.h5 Rd7
16.hxg6 hxg6 17.Be2 Rdc7 18.Nd5 Qxd2 19.Rxd2 Nxd5 20.exd5 Bd7 21.g4 Re8 22.Bd3 e4
23.Bxe4 Bxg4 24.Bf4 Be5 25.Bxe5 Rxe5 26.b3 Bc8 27.Rdh2 Kg7 28.Rh8 Kf6 29.c4 Bf5
30.Bxf5 Rxf5 31.Rf1 Re7 32.b4 Re2 33.Rd8 Rh5 34.Ra8 a6 35.Rd8 Rhh2 36.Rxd6+ Ke5
37.Rd8 Rb2+ 38.Ka1 Rxa2+ 39.Kb1 Rhb2+ 40.Kc1 Kd4 41.f4 Rxb4 42.d6 Ra1+ 43.Kd2 Rb2+  0-1

[Event "Troll Masters"]
[Site "Gausdal"]
[Date "1991.??.??"]
[Round "6"]
[White "Jansa, Vlastimil"]
[Black "Bern, Ivar"]
[Result "1/2-1/2"]
[WhiteElo "2495"]
[BlackElo "2375"]

1.e4 g6 2.d4 Bg7 3.Nc3 a6 4.f4 d6 5.Nf3 b5 6.Bd3 Bb7 7.O-O Nd7 8.e5 e6 9.Be3 Ne7
10.Bf2 Qb8 11.a4 bxa4 12.Rxa4 O-O 13.Nd2 Nb6 14.Ra3 Nbd5 15.Nxd5 Nxd5 16.Qg4 f5
17.exf6 Rxf6 18.Ne4 Rxf4 19.Qxe6+ Kh8 20.Ng5 Qe8 21.Qh3 Nf6 22.Ne6 Rg4 23.d5 Qd7
24.c4 c6 25.Nxg7 Qxg7 26.Be3 h5 27.Qf3 cxd5 28.Rb3 Ne4 29.Qf7 Bc6 30.cxd5 Qxf7
31.Rxf7 Bxd5 32.Bd4+ Kg8 33.Rg7+ Kf8 34.h3 Rxg2+ 35.Kxg2 Nf6+ 36.Kg3 Kxg7
37.Rb6 Rd8 38.Rxa6 Kf7 39.b4 Ke6 40.Kf4 Bb7 41.Ra7 Nd5+ 42.Kg5 Nxb4 43.Bxg6 Rb8
44.Bf5+ Kd5 45.Bf6 Nc6 46.Ra1 Rf8 47.Rb1 Ba6 48.Rd1+ Kc5 49.Rc1+ Kd5 50.Bg7 Rxf5+
51.Kxf5 Bc8+  1/2-1/2

[Event "GER CupT"]
[Site "GER"]
[Date "1991.??.??"]
[Round "?"]
[White "Aseev, Konstantin N"]
[Black "Schulz, Karsten"]
[Result "1-0"]
[WhiteElo "2515"]
[BlackElo "2375"]

1.d4 g6 2.e4 Bg7 3.Nc3 d5 4.exd5 Nf6 5.Bc4 Nbd7 6.Bg5 Nb6 7.Bxf6 Bxf6 8.Bb3 c6
9.dxc6 Qxd4 10.Qxd4 Bxd4 11.Nge2 Bxc3+ 12.Nxc3 bxc6 13.O-O-O Ba6 14.Rhe1 e6
15.Re5 Ke7 16.Ne4 Nd7 17.Ra5 Bc8 18.Ba4 Nb8 19.b4 h6 20.c4 Rd8 21.Rxd8 Kxd8
22.Nd6 f6 23.Bc2 g5 24.Nf7+ Ke7 25.Nxh6 Nd7 26.Ng4 Bb7 27.Ne3 a6 28.h4 gxh4
29.Rh5 c5 30.bxc5 Rc8 31.Rh7+ Kd8 32.Rxh4 Rxc5 33.Rh8+ Kc7 34.Rh7 Bc6 35.Kb2 Kd6
36.Rh6 Rg5 37.g3 Rg8 38.Kc3 Rf8 39.Kd4 Bf3 40.Rh7 Rc8 41.Rf7 Be2 42.c5+ Nxc5
43.Rxf6 Ke7 44.Rh6 Nd7 45.Rh7+ Kd6 46.f4 Rg8 47.Rh6 Nf8 48.Rh2 Bf3 49.g4 Nd7
50.Nc4+ Kc7 51.Rh7 Kd8 52.g5 Bd5 53.Ne5 Nf8 54.Ra7 Kc8 55.a4 Kb8 56.Rf7 Kc8
57.a5 Bb7 58.Bb3 Rh8 59.Bc4 Rg8 60.Kc5 Bd5 61.Bxa6+ Kd8 62.Bd3 Kc8 63.a6  1-0

[Event "GER CupT"]
[Site "GER"]
[Date "1991.??.??"]
[Round "?"]
[White "Paulsen, Dirk"]
[Black "Schulz, Karsten"]
[Result "0-1"]
[WhiteElo "2350"]
[BlackElo "2375"]

1.d4 g6 2.e4 Bg7 3.Nc3 d5 4.Nf3 dxe4 5.Nxe4 Nd7 6.Bc4 Ndf6 7.Qe2 Nxe4 8.Qxe4 Nf6
9.Qe2 O-O 10.O-O Bg4 11.c3 c6 12.Re1 Nd5 13.Bg5 Qd7 14.h3 Bxf3 15.Qxf3 e6
16.a4 a5 17.Ra3 Rfc8 18.Rb3 Rab8 19.Bxd5 cxd5 20.Bf4 Ra8 21.Rb5 Rc6 22.Ra1 b6
23.Ra3 Rac8 24.Rab3 Qd8 25.g4 Bf8 26.Be5 Bg7 27.h4 Bxe5 28.dxe5 Qxh4 29.Rxb6 Rc4
30.Rb8 Rxg4+ 31.Kf1 Rxb8 32.Rxb8+ Kg7 33.b3 Rf4  0-1

[Event "GER CupT"]
[Site "GER"]
[Date "1991.??.??"]
[Round "?"]
[White "Voekler, Bernd"]
[Black "Kunze, Kerstin"]
[Result "1-0"]
[WhiteElo "2325"]
[BlackElo "2160"]

1.e4 g6 2.d4 Bg7 3.Nc3 d5 4.exd5 Nf6 5.Nf3 O-O 6.Be2 Nxd5 7.Nxd5 Qxd5 8.O-O c6
9.Be3 Nd7 10.c4 Qd6 11.h3 e5 12.dxe5 Qxd1 13.Raxd1 Nxe5 14.Nd4 Re8 15.Rd2 Nd7
16.Rfd1 f5 17.Nf3 Nf6 18.Rd8 Bd7 19.Rxa8 Rxa8 20.Bd4 Be8 21.Ng5 Nd7 22.Bxg7 Kxg7
23.b4 Nf8 24.a3 h6 25.Nf3 Ne6 26.Rd6 Kf6 27.Nd4 Ke5 28.Rxe6+ Kxd4 29.Re3 Bf7
30.Rd3+ Ke5 31.Rd7 Be6 32.Rxb7 Kd4 33.Rc7 Bxc4 34.Bxc4 Kxc4 35.Rxc6+ Kb3
36.Ra6 g5 37.g4 fxg4 38.hxg4 h5 39.gxh5 Rh8  1-0

[Event "BL2-S qual"]
[Site "Germany"]
[Date "1991.??.??"]
[Round "?"]
[White "Renner, Christoph"]
[Black "Kunze, Kerstin"]
[Result "1-0"]
[WhiteElo "2365"]
[BlackElo "2160"]

1.e4 g6 2.d4 Bg7 3.Nc3 d5 4.exd5 Nf6 5.Bc4 O-O 6.Nge2 Nbd7 7.Bb3 Nb6 8.Nf4 a5
9.a3 a4 10.Ba2 Bf5 11.O-O Qd7 12.h3 h5 13.Re1 Rfe8 14.Be3 Kh7 15.Qe2 Bh6
16.Nd3 Bxd3 17.Qxd3 Nbxd5 18.Bxh6 Kxh6 19.Re5 e6 20.Rae1 Kg7 21.Ne2 Ne7 22.Nf4 Nc6
23.Rg5 Qxd4 24.Rxg6+ fxg6 25.Qxg6+ Kf8 26.Nxe6+ Rxe6 27.Rxe6 Qd1+ 28.Kh2 Nd5
29.Rf6+  1-0

[Event "HUN-ch (Women)"]
[Site "HUN"]
[Date "1991.??.??"]
[Round "?"]
[White "Zimmersmann, Rita"]
[Black "Lakos, Nikoletta"]
[Result "1-0"]
[WhiteElo "2230"]
[BlackElo "2090"]

1.e4 g6 2.d4 Bg7 3.Nc3 c5 4.dxc5 Qa5 5.Ne2 Qxc5 6.Be3 Qa5 7.Qd2 Nc6 8.f3 d6
9.O-O-O Be6 10.Kb1 Rc8 11.h4 Ne5 12.Nd4 Nc4 13.Bxc4 Bxc4 14.h5 b5 15.a3 b4
16.Nd5 Bxd5 17.exd5 Qxd5 18.Qxb4 Qc4 19.Qxc4 Rxc4 20.b3 Rc3 21.Bf2 a5 22.Nb5 Rc8
23.a4 Kd7 24.Bb6 Ra8 25.Rh4 Ra6 26.Bf2 g5 27.Rc4 Rc6 28.Rxc6 Kxc6 29.Na7+ Kb7
30.Rd5 h6 31.Rxa5 Nf6 32.g4 Ra8 33.Rb5+ Kc7 34.a5 Nd7 35.a6 Bf6 36.Rb7+ Kd8
37.Nc6+ Kc8 38.Ba7 d5 39.b4 Ne5 40.Nxe5 Bxe5 41.Rxe7  1-0